Príroda potrebuje pomoc Poučenie zo XIV. valného zhromaždenia IUCN

Bibliographic Details
Main Authors: Turošík, Juraj, 1924-2003 (Author), Strnka, Miroslav, 1924- (Author)
Format: Article
Language:Slovak
PhysicalDescription:Obr. 2.
Subjects:

MARC

LEADER 00000nab a2200000 a 4500
001 vtls000017267
003 SK-MaSNL
005 20260426102252.0
008 111103c1979 xo 0 slo
015 |a SNBRB19rr/mm-uuuuu 
035 |a CL0027361 
040 |a SNKBUCL  |b slo  |c SNKBUCL  |e AACR2 
041 0 |a slo 
044 |a xo  |c SK 
080 |a 502  |2 1981 
100 1 |a Turošík, Juraj,  |d 1924-2003  |4 aut  |9 135454 
245 1 0 |a Príroda potrebuje pomoc  |b Poučenie zo XIV. valného zhromaždenia IUCN  |c Juraj Turošík, Miroslav Strnka 
300 |b Obr. 2. 
650 0 7 |a ochrana prírody  |2 snkbucl  |9 3778 
650 0 7 |a Medzinárodná únia na ochranu prírody a prírodných zdrojov  |2 snkbucl  |9 987316 
655 7 |a články z novín a časopisov  |2 snkbucl  |9 267496 
700 1 |a Strnka, Miroslav,  |d 1924-  |4 aut  |9 5473 
773 0 |t Nedeľná Pravda  |g Roč. 12, č. 4 (26. 1. 1979), s. 6-7 
850 |a Slovenská národná knižnica v Martine  |a MTA001 
852 |a SNK  |b KIS3GCP 
958 |a RK 
992 |a RBX 
999 |c 3252913  |d 3254843